[Event "BL 2223 (Women)"]
[Site "Germany"]
[Date "2023.05.01"]
[Round "11.5"]
[White "Spiel, Marianne"]
[Black "Heinemann, Josefine"]
[Result "0-1"]
[WhiteElo "1831"]
[BlackElo "2318"]
[PlyCount "74"]
[EventDate "2022.10.15"]
[EventType "team-tourn"]
[EventRounds "11"]
[EventCountry "GER"]
[SourceTitle "EXT 2024"]
[Source "ChessBase"]
[SourceDate "2023.10.10"]
[SourceVersion "1"]
[SourceVersionDate "2023.10.10"]
[SourceQuality "1"]
[WhiteTeam "Bayern Muenchen (W)"]
[BlackTeam "Baden-Baden (W)"]
[WhiteTeamCountry "GER"]
[BlackTeamCountry "GER"]

1. e4 c5 2. Nf3 d6 3. d4 cxd4 4. Nxd4 Nf6 5. Nc3 a6 6. Be3 e5 7. Nb3 Be6 8. Qd2 Nbd7 9. f3 h5 10. 0-0-0 Be7 11. Kb1 b5 12. Nd5 Bxd5 13. exd5 Nb6 14. Bxb6 Qxb6 15. c4 bxc4 16. Bxc4 0-0 17. Qe2 Bd8 18. Nd2 Nd7 19. Ne4 f5 20. Nc3 Bf6 21. Bb3 Qa5 22. Na4 Rfc8 23. Qd2 Qxd2 24. Rxd2 Bg5 25. Rc2 Rxc2 26. Kxc2 Kf7 27. Re1 h4 28. Kd3 Rb8 29. Re2 Rb4 30. Rc2 Rd4+ 31. Ke2 Nf6 32. Nc3 Bf4 33. h3 Nh5 34. Nd1 Bg3 35. Ke3 Kf6 36. Nc3 Nf4 37. a3 Rd3# 0-1

[Event "BL 2223 (Women)"]
[Site "Germany"]
[Date "2023.02.19"]
[Round "6.6"]
[White "Spiel, Marianne"]
[Black "Babiy, Olga"]
[Result "0-1"]
[WhiteElo "1831"]
[BlackElo "2299"]
[PlyCount "64"]
[EventDate "2022.10.15"]
[EventType "team-tourn"]
[EventRounds "11"]
[EventCountry "GER"]
[SourceTitle "CBM 213 Extra"]
[Source "ChessBase"]
[SourceDate "2023.05.31"]
[SourceVersion "1"]
[SourceVersionDate "2023.05.31"]
[SourceQuality "1"]
[WhiteTeam "Bayern Muenchen (W)"]
[BlackTeam "Bad Koenigshofen (W)"]
[WhiteTeamCountry "GER"]
[BlackTeamCountry "GER"]

1. e4 c5 2. Nf3 d6 3. d4 cxd4 4. Nxd4 Nf6 5. Nc3 a6 6. Be3 e5 7. Nb3 Be7 8. f3 Be6 9. Qd2 h5 10. 0-0-0 Nbd7 11. Kb1 0-0 12. Be2 Rc8 13. h3 b5 14. g4 h4 15. Bd3 b4 16. Ne2 a5 17. f4 a4 18. Nbc1 exf4 19. Nxf4 Nc5 20. Nxe6 fxe6 21. Qxb4 Rb8 22. Qc4 Nfd7 23. Bxc5 Nxc5 24. Ne2 Qb6 25. b3 Rfc8 26. Nd4 d5 27. Qb5 Qc7 28. Nxe6 Qe5 29. Qa5 Bf6 30. c3 Nxb3 31. axb3 Rxc3 32. Nd4 Rbxb3+ 0-1

[Event "GER-ch (Women)"]
[Site "Magdeburg"]
[Date "2022.08.20"]
[Round "9"]
[White "Spiel, Marianne"]
[Black "Just, Anita"]
[Result "1/2-1/2"]
[WhiteElo "1893"]
[BlackElo "1884"]
[PlyCount "156"]
[EventDate "2022.08.14"]
[EventType "swiss"]
[EventRounds "9"]
[EventCountry "GER"]
[SourceTitle "CBM 209 Extra"]
[Source "ChessBase"]
[SourceDate "2022.09.30"]
[SourceVersion "1"]
[SourceVersionDate "2022.09.30"]
[SourceQuality "1"]

1. e4 e6 2. d4 d5 3. Nd2 c5 4. exd5 Qxd5 5. Ngf3 cxd4 6. Bc4 Qd6 7. 0-0 Nf6 8. Nb3 Nc6 9. Nbxd4 Nxd4 10. Qxd4 Qxd4 11. Nxd4 a6 12. Bg5 Be7 13. c3 h6 14. Bh4 Ne4 15. Bxe7 Kxe7 16. Rad1 Bd7 17. Rfe1 Nd6 18. Be2 Rac8 19. Bf3 Rc7 20. Re2 Rhc8 21. Bg4 g6 22. f4 Nb5 23. Nf3 Bc6 24. Ne5 Nd6 25. Nxg6+ Kf6 26. Ne5 Nf5 27. Nxc6 Rxc6 28. Kf2 R8c7 29. g3 Ne7 30. Bf3 Rc5 31. Rd4 Nc6 32. Rd6 Ne7 33. Red2 Nc8 34. Rd7 Nb6 35. Rxc7 Rxc7 36. Be2 Ke7 37. Rd4 Nd5 38. Bd1 Nf6 39. h3 Ne8 40. Bb3 Nd6 41. Kf3 Rc8 42. Rd2 Rc5 43. g4 Rc8 44. Re2 Kf6 45. Rd2 Ke7 46. Rd4 Rc5 47. a3 Rb5 48. Rb4 Rc5 49. Ba2 Rc7 50. Rd4 Rc5 51. c4 Rc8 52. b4 Rc7 53. c5 Nb5 54. Rd3 a5 55. Ke3 axb4 56. axb4 Na7 57. Kd2 Nc6 58. Kc3 Nd8 59. Bc4 b6 60. cxb6 Rc6 61. Re3 Rxb6 62. b5 Kd6 63. Re5 f6 64. Re1 e5 65. fxe5+ fxe5 66. Ra1 Kc5 67. Ra6 Nb7 68. Rxb6 Kxb6 69. Bd3 Nd6 70. h4 Kc5 71. g5 hxg5 72. hxg5 e4 73. Be2 Ne8 74. g6 Ng7 75. Kd2 Nf5 76. Bg4 Ne7 77. Bh5 Nxg6 78. Bxg6 Kxb5 1/2-1/2

[Event "GER-ch (Women)"]
[Site "Magdeburg"]
[Date "2022.08.19"]
[Round "8"]
[White "Wartenberg, Alissa"]
[Black "Spiel, Marianne"]
[Result "1-0"]
[WhiteElo "1646"]
[BlackElo "1893"]
[PlyCount "121"]
[EventDate "2022.08.14"]
[EventType "swiss"]
[EventRounds "9"]
[EventCountry "GER"]
[SourceTitle "CBM 209 Extra"]
[Source "ChessBase"]
[SourceDate "2022.09.30"]
[SourceVersion "1"]
[SourceVersionDate "2022.09.30"]
[SourceQuality "1"]

1. e4 e6 2. d4 d5 3. Nc3 Nf6 4. e5 Nfd7 5. Nce2 c5 6. c3 Nc6 7. Nf3 Qb6 8. a3 cxd4 9. cxd4 f6 10. exf6 Nxf6 11. Nc3 Bd6 12. Be3 0-0 13. Bd3 a6 14. 0-0 Qc7 15. h3 Bd7 16. Rc1 Be8 17. b4 Qe7 18. Re1 Bh5 19. Bb1 Rac8 20. Bg5 Qf7 21. Bxf6 Qxf6 22. Qd3 Bg6 23. Qe2 Bf4 24. Rcd1 Bxb1 25. Rxb1 Nxd4 26. Nxd4 Rxc3 27. Nxe6 Re8 28. Qg4 Bd6 29. Nc5 Rf8 30. Re2 Bxc5 31. bxc5 Rxc5 32. Rxb7 Rc1+ 33. Kh2 Qd6+ 34. g3 Rc7 35. Rxc7 Qxc7 36. Qe6+ Qf7 37. Qxa6 Qf3 38. Qe6+ Kh8 39. a4 d4 40. Qe4 Qf6 41. Rd2 Rd8 42. Kg2 h6 43. a5 Qg5 44. Rxd4 Rxd4 45. Qxd4 Qxa5 46. Qe4 Qd2 47. Qe8+ Kh7 48. Qf7 Qc2 49. g4 Qe4+ 50. Qf3 Qxf3+ 51. Kxf3 Kg6 52. Kf4 Kf6 53. h4 g5+ 54. hxg5+ hxg5+ 55. Ke4 Ke6 56. f3 Kf6 57. Kd5 Kf7 58. Ke5 Kg6 59. Ke6 Kg7 60. Kf5 Kh6 61. Kf6 1-0

[Event "GER-ch (Women)"]
[Site "Magdeburg"]
[Date "2022.08.16"]
[Round "3"]
[White "Voigt, Anastasia"]
[Black "Spiel, Marianne"]
[Result "1-0"]
[WhiteElo "1694"]
[BlackElo "1893"]
[PlyCount "103"]
[EventDate "2022.08.14"]
[EventType "swiss"]
[EventRounds "9"]
[EventCountry "GER"]
[SourceTitle "CBM 209 Extra"]
[Source "ChessBase"]
[SourceDate "2022.09.30"]
[SourceVersion "1"]
[SourceVersionDate "2022.09.30"]
[SourceQuality "1"]

1. e4 e6 2. d4 d5 3. Nd2 Nf6 4. e5 Nfd7 5. Bd3 c5 6. c3 Nc6 7. Ne2 cxd4 8. cxd4 f6 9. exf6 Nxf6 10. 0-0 Bd6 11. Nf3 0-0 12. Bf4 Ng4 13. Bg3 e5 14. Qb3 Be6 15. dxe5 Ncxe5 16. Nxe5 Bxe5 17. h3 Bxg3 18. Nxg3 Ne5 19. Bc2 Qf6 20. Qb4 Rac8 21. Bb3 b6 22. Qd2 Nc4 23. Bxc4 dxc4 24. Rad1 Rcd8 25. Qe2 b5 26. Ne4 Qg6 27. Ng3 a6 28. Rfe1 Bd5 29. Qe5 Qf7 30. Re2 Rfe8 31. Rxd5 Rxd5 32. Qxe8+ Qxe8 33. Rxe8+ Kf7 34. Re2 Rd1+ 35. Kh2 Rd3 36. Ne4 b4 37. Nc5 Rd6 38. Rc2 a5 39. Rxc4 Rd2 40. Rf4+ Ke7 41. Na4 g6 42. a3 bxa3 43. bxa3 Rd3 44. Rf3 Rxf3 45. gxf3 Kd6 46. Nb2 Kd5 47. Kg3 Kd4 48. Kg4 Kc3 49. Na4+ Kb3 50. Nb6 Kxa3 51. Nc4+ Kb4 52. Nxa5 1-0

[Event "GER-ch (Women)"]
[Site "Magdeburg"]
[Date "2022.08.14"]
[Round "1"]
[White "Mekus, Manuela"]
[Black "Spiel, Marianne"]
[Result "1-0"]
[WhiteElo "1638"]
[BlackElo "1893"]
[PlyCount "87"]
[EventDate "2022.08.14"]
[EventType "swiss"]
[EventRounds "9"]
[EventCountry "GER"]
[SourceTitle "CBM 209 Extra"]
[Source "ChessBase"]
[SourceDate "2022.09.30"]
[SourceVersion "1"]
[SourceVersionDate "2022.09.30"]
[SourceQuality "1"]

1. c3 Nf6 2. d3 d5 3. g3 c5 4. Bg2 Nc6 5. Nd2 e5 6. Ngf3 Be7 7. 0-0 h6 8. e4 Be6 9. Re1 d4 10. c4 0-0 11. a3 Nd7 12. h3 Qe8 13. Nf1 f5 14. exf5 Bxf5 15. g4 Be6 16. Ng3 Qg6 17. Ne4 Rf7 18. Nh2 Raf8 19. Rf1 Nf6 20. Bd2 Kh8 21. f4 exf4 22. Rxf4 Nxe4 23. Bxe4 Bf5 24. Rxf5 Rxf5 25. Kh1 Qd6 26. gxf5 Qg3 27. Qg4 Qf2 28. Qg2 Qh4 29. Rg1 Bf6 30. Ng4 Ne5 31. Be1 Qg5 32. Nxf6 Qxf6 33. Bg3 Nf7 34. Bh4 Qe5 35. f6 g5 36. Bg3 Qxf6 37. Rf1 Qe7 38. Bxb7 Kg7 39. Bd5 Qd7 40. Bxf7 Rxf7 41. Rxf7+ Qxf7 42. Be5+ Kh7 43. Qe4+ Kg8 44. Qd5 1-0

[Event "GER-chT Federal Cup (Women)"]
[Site "Braunfels"]
[Date "2021.10.22"]
[Round "3.14"]
[White "Spiel, Marianne"]
[Black "Kiesel, Lara"]
[Result "1-0"]
[WhiteElo "1895"]
[BlackElo "1728"]
[PlyCount "109"]
[EventDate "2021.10.19"]
[EventType "team-tourn"]
[EventRounds "5"]
[EventCountry "GER"]
[SourceTitle "CBM 204 Extra"]
[Source "ChessBase"]
[SourceDate "2021.11.30"]
[SourceVersion "1"]
[SourceVersionDate "2021.11.30"]
[SourceQuality "1"]

1. e4 e6 2. d4 d5 3. Nd2 c5 4. dxc5 Bxc5 5. Nb3 Be7 6. exd5 exd5 7. Nf3 Nf6 8. Be2 0-0 9. 0-0 Nc6 10. Nbd4 Re8 11. h3 a6 12. c3 Qc7 13. Be3 Na5 14. Qc1 Bd6 15. Nd2 Bd7 16. Bf3 Rac8 17. Qc2 h6 18. N4b3 Nc4 19. Bd4 Be5 20. Rad1 Ba4 21. Bxe5 Rxe5 22. Rfe1 Rce8 23. Rxe5 Rxe5 24. Nf1 Qe7 25. Qc1 Nd6 26. Ne3 Nde4 27. Rd4 Bxb3 28. axb3 Qc5 29. Qd1 Qb5 30. Nxd5 Rxd5 31. Rxd5 Nxd5 32. Bxe4 Nf6 33. Qd8+ Ne8 34. Bxb7 Qxb7 35. Qxe8+ Kh7 36. Qa4 Qd5 37. Qxa6 Qd1+ 38. Kh2 Qxb3 39. Qd3+ g6 40. Qd2 Kg7 41. Qd4+ Kg8 42. Qb4 Qc2 43. c4 Qxf2 44. c5 h5 45. c6 h4 46. Qb8+ Kg7 47. Qe5+ f6 48. Qd6 f5 49. Qe5+ Kh7 50. c7 Qc2 51. Qe7+ Kh6 52. Qxh4+ Kg7 53. Qe7+ Kh6 54. Qf8+ Kg5 55. c8Q 1-0

[Event "GER-chT Federal Cup (Women)"]
[Site "Braunfels"]
[Date "2021.10.21"]
[Round "1.22"]
[White "Spiel, Marianne"]
[Black "Albayrak, Berrak"]
[Result "1/2-1/2"]
[WhiteElo "1895"]
[BlackElo "1556"]
[PlyCount "107"]
[EventDate "2021.10.19"]
[EventType "team-tourn"]
[EventRounds "5"]
[EventCountry "GER"]
[SourceTitle "CBM 204 Extra"]
[Source "ChessBase"]
[SourceDate "2021.11.30"]
[SourceVersion "1"]
[SourceVersionDate "2021.11.30"]
[SourceQuality "1"]

1. e4 d6 2. d4 Nf6 3. Nc3 g6 4. Nf3 Bg7 5. Be3 0-0 6. Qd2 Re8 7. 0-0-0 c6 8. Bh6 Bh8 9. h4 Qa5 10. Kb1 Nbd7 11. Be2 Ng4 12. Bc4 d5 13. exd5 Nb6 14. Bb3 cxd5 15. h5 Bd7 16. hxg6 hxg6 17. Bf4 Bg7 18. Ne5 Nf6 19. Bh6 Bh8 20. Nxg6 fxg6 21. Nxd5 Qxd5 22. Bxd5+ Nbxd5 23. c4 Bf5+ 24. Ka1 Ne4 25. Qe1 Ndf6 26. f3 Nd6 27. g4 Bd7 28. Qh4 Nxc4 29. Bf8 Rxf8 30. Qxh8+ Kf7 31. Qh6 Rg8 32. Qf4 g5 33. Qc7 Bc6 34. Rde1 Rae8 35. b3 Nd5 36. Qh2 Nd6 37. Qh6 Nf6 38. Re3 Nb5 39. Qh2 Nxd4 40. Kb2 Nxf3 41. Qc2 Nd4 42. Qc4+ Kf8 43. Rf1 Nb5 44. Qe6 Rg6 45. Rh3 Kg7 46. Rh2 Nd4 47. Qe3 Nb5 48. a4 Nd6 49. Qd4 Kg8 50. Re1 Bf3 51. Qd3 Be4 52. Qd4 Bf3 53. Qd3 Be4 54. Qd4 1/2-1/2

[Event "BL2 Sued 1920 (Women)"]
[Site "Germany"]
[Date "2020.02.15"]
[Round "6.6"]
[White "Lerch, Cornelia"]
[Black "Spiel, Marianne"]
[Result "1/2-1/2"]
[WhiteElo "1832"]
[BlackElo "1880"]
[PlyCount "45"]
[EventDate "2019.09.14"]
[EventType "team-tourn"]
[EventRounds "7"]
[EventCountry "GER"]
[SourceTitle "EXT 2021"]
[Source "ChessBase"]
[SourceDate "2020.10.23"]
[SourceVersion "1"]
[SourceVersionDate "2020.10.23"]
[SourceQuality "1"]
[WhiteTeam "Gernsheim (W)"]
[BlackTeam "Bayern Muenchen (W)"]
[WhiteTeamCountry "GER"]
[BlackTeamCountry "GER"]

1. e4 e6 2. d4 d5 3. exd5 exd5 4. Nf3 Nf6 5. Bg5 Bd6 6. Bd3 0-0 7. 0-0 Bg4 8. c3 Nbd7 9. Nbd2 c6 10. Qc2 Qc7 11. Rae1 Bxf3 12. Nxf3 Rfe8 13. h3 h6 14. Bxf6 Nxf6 15. Rxe8+ Rxe8 16. Re1 Rxe1+ 17. Nxe1 Qe7 18. Qe2 Qxe2 19. Bxe2 Ne4 20. Nd3 Kf8 21. Bg4 Ke7 22. Kf1 g6 23. Bd1 1/2-1/2

[Event "GER-chT Federal Cup (Women)"]
[Site "Braunfels"]
[Date "2019.06.20"]
[Round "1.24"]
[White "Spiel, Marianne"]
[Black "Hoelzer, Jeanette"]
[Result "1-0"]
[WhiteElo "1894"]
[BlackElo "1662"]
[PlyCount "61"]
[EventDate "2019.06.20"]
[EventType "team-swiss"]
[EventRounds "5"]
[EventCountry "GER"]
[SourceTitle "CBM 191 Extra"]
[Source "ChessBase"]
[SourceDate "2019.09.30"]
[SourceVersion "1"]
[SourceVersionDate "2019.09.30"]
[SourceQuality "1"]

1. e4 e5 2. Nf3 Nc6 3. Bb5 Nge7 4. 0-0 g6 5. c3 Bg7 6. d4 exd4 7. cxd4 a6 8. Ba4 b5 9. Bc2 0-0 10. h3 Bb7 11. Nc3 Re8 12. Bg5 d6 13. Nd5 Kh8 14. Qd2 Qc8 15. Nf6 Rf8 16. Rad1 Ng8 17. e5 Nce7 18. Ne4 dxe5 19. dxe5 h6 20. Be3 Nf5 21. Bc5 Re8 22. g4 Nfe7 23. Qf4 Bd5 24. Nf6 g5 25. Qe3 Rd8 26. Nxd5 Nxd5 27. Rxd5 Rxd5 28. Qe4 f5 29. Qxd5 c6 30. Qf7 Qe8 31. Qxf5 1-0

[Event "BL 1819 (Women)"]
[Site "Germany"]
[Date "2019.03.03"]
[Round "11.6"]
[White "Spiel, Marianne"]
[Black "Zahn, Alina"]
[Result "1/2-1/2"]
[WhiteElo "1901"]
[BlackElo "2096"]
[PlyCount "64"]
[EventDate "2018.10.27"]
[EventType "team-tourn"]
[EventRounds "11"]
[EventCountry "GER"]
[SourceTitle "CBM 189 Extra"]
[Source "ChessBase"]
[SourceDate "2019.06.03"]
[SourceVersion "1"]
[SourceVersionDate "2019.06.03"]
[SourceQuality "1"]
[WhiteTeam "Bayern Muenchen (W)"]
[BlackTeam "Hamburger SK (W)"]
[WhiteTeamCountry "GER"]
[BlackTeamCountry "GER"]

1. e4 e5 2. Nf3 Nc6 3. Bb5 Nf6 4. 0-0 Nxe4 5. Qe2 Nd6 6. Nxe5 Be7 7. Ba4 Nxe5 8. Qxe5 0-0 9. d4 Re8 10. c3 Bf6 11. Qh5 g6 12. Qf3 Nf5 13. Bf4 c6 14. d5 Nh4 15. Qd3 b5 16. Bb3 Bb7 17. Nd2 a5 18. a3 a4 19. Ba2 Ba6 20. Ne4 b4 21. Bc4 cxd5 22. Qxd5 Bxc4 23. Qxc4 d5 24. Nxf6+ Qxf6 25. Qxb4 Re4 26. Qb7 Qxf4 27. Qxa8+ Kg7 28. Qxd5 Qg4 29. g3 Nf3+ 30. Kg2 Nh4+ 31. Kg1 Nf3+ 32. Kg2 Nh4+ 1/2-1/2

[Event "BL 1819 (Women)"]
[Site "Germany"]
[Date "2019.01.13"]
[Round "6.6"]
[White "Spiel, Marianne"]
[Black "Froehlich Dill, Astrid"]
[Result "1-0"]
[WhiteElo "1901"]
[BlackElo "1811"]
[PlyCount "107"]
[EventDate "2018.10.27"]
[EventType "team-tourn"]
[EventRounds "11"]
[EventCountry "GER"]
[SourceTitle "CBM 188 Extra"]
[Source "ChessBase"]
[SourceDate "2019.02.26"]
[SourceVersion "1"]
[SourceVersionDate "2019.02.26"]
[SourceQuality "1"]
[WhiteTeam "Bayern Muenchen (W)"]
[BlackTeam "Hofheim (W)"]
[WhiteTeamCountry "GER"]
[BlackTeamCountry "GER"]

1. e4 c5 2. Nf3 Nc6 3. d4 cxd4 4. Nxd4 e6 5. Nc3 a6 6. Be3 Bb4 7. Qd2 Nf6 8. f3 Ne5 9. a3 Be7 10. Nb3 b5 11. 0-0-0 0-0 12. Kb1 Nc4 13. Bxc4 bxc4 14. Nc1 Qc7 15. N1e2 Rb8 16. Ka1 Qa5 17. Nd5 Qd8 18. Bf4 exd5 19. Bxb8 dxe4 20. Bd6 Re8 21. Bxe7 Rxe7 22. Ng3 e3 23. Qd4 Qe8 24. Rhe1 d5 25. Re2 h6 26. Rde1 Qa4 27. Kb1 Rb7 28. Rxe3 Be6 29. R1e2 Nd7 30. Nh5 Nf6 31. Nxf6+ gxf6 32. Qxf6 Qb5 33. Rxe6 fxe6 34. Qxe6+ Kh7 35. Qf5+ Kg7 36. Qe5+ Kh7 37. Qf6 c3 38. Re7+ Rxe7 39. Qxe7+ Kg8 40. Qd8+ Kh7 41. Qc7+ Kg6 42. Qxc3 Qf1+ 43. Ka2 Qxg2 44. Qd3+ Kf6 45. Qxa6+ Ke5 46. Qxh6 Qxf3 47. Qg5+ Ke6 48. Qg6+ Kd7 49. h4 Qe2 50. h5 Qc4+ 51. b3 Qc3 52. h6 d4 53. h7 Qc8 54. Qf5+ 1-0

[Event "BL 1819 (Women)"]
[Site "Germany"]
[Date "2018.11.18"]
[Round "4.6"]
[White "Videnova, Iva"]
[Black "Spiel, Marianne"]
[Result "1-0"]
[WhiteElo "2326"]
[BlackElo "1901"]
[PlyCount "77"]
[EventDate "2018.10.27"]
[EventType "team-tourn"]
[EventRounds "11"]
[EventCountry "GER"]
[SourceTitle "CBM 188 Extra"]
[Source "ChessBase"]
[SourceDate "2019.02.26"]
[SourceVersion "1"]
[SourceVersionDate "2019.02.26"]
[SourceQuality "1"]
[WhiteTeam "Schwaebisch Hall (W)"]
[BlackTeam "Bayern Muenchen (W)"]
[WhiteTeamCountry "GER"]
[BlackTeamCountry "GER"]

1. e4 e6 2. d4 d5 3. Nc3 Nf6 4. e5 Nfd7 5. f4 c5 6. Nf3 Nc6 7. Be3 a6 8. Qd2 Qc7 9. dxc5 Nxc5 10. Qf2 Qa5 11. Bd3 Nxd3+ 12. cxd3 Bb4 13. 0-0 Bxc3 14. bxc3 Qxc3 15. Rac1 Qxd3 16. Bc5 f6 17. Bd6 Bd7 18. exf6 gxf6 19. Qb2 Rg8 20. Rxc6 Bxc6 21. Qxf6 Rxg2+ 22. Kxg2 Qg6+ 23. Qxg6+ hxg6 24. Ne5 0-0-0 25. Be7 Rh8 26. Bg5 Rg8 27. Re1 Kc7 28. Nxc6 bxc6 29. Rxe6 Kb6 30. Bh4 Kb5 31. a4+ Kb6 32. Bf2+ Kc7 33. Bc5 Rg7 34. a5 Kd7 35. Rd6+ Kc7 36. h4 Rg8 37. Kg3 Rg7 38. Kg4 Rg8 39. Kg5 1-0

[Event "BL2 Sued 1718 (Women)"]
[Site "Germany"]
[Date "2017.12.17"]
[Round "3.6"]
[White "Pils, Martina"]
[Black "Spiel, Marianne"]
[Result "0-1"]
[WhiteElo "1595"]
[BlackElo "1930"]
[PlyCount "70"]
[EventDate "2017.10.14"]
[EventType "team-tourn"]
[EventRounds "7"]
[EventCountry "GER"]
[SourceTitle "EXT 2019"]
[Source "ChessBase"]
[SourceDate "2018.10.10"]
[SourceVersion "1"]
[SourceVersionDate "2018.10.10"]
[SourceQuality "1"]
[WhiteTeam "Forstenried (W)"]
[BlackTeam "Muenchen Bayern (W)"]
[WhiteTeamCountry "GER"]
[BlackTeamCountry "GER"]

1. b4 d5 2. Bb2 e6 3. Nf3 Nf6 4. b5 c5 5. e3 Be7 6. c4 0-0 7. Nc3 b6 8. Be2 Bb7 9. 0-0 d4 10. exd4 cxd4 11. Ne5 dxc3 12. Bxc3 Nbd7 13. Bf3 Bxf3 14. Nxf3 Qc7 15. Qe2 Rac8 16. d3 Rfd8 17. Rfd1 Ne8 18. a4 Bf6 19. Bxf6 Nexf6 20. h3 Nc5 21. Ra3 Qd6 22. Kh1 Nb7 23. Qb2 Rxc4 24. dxc4 Qxd1+ 25. Kh2 Nc5 26. Ra1 Qd6+ 27. Kg1 Nd3 28. Qc2 Ne5 29. Nxe5 Qxe5 30. Rd1 Qc7 31. Re1 Qd6 32. Qb2 h6 33. Qc2 Qd2 34. Qb1 Rd4 35. g3 Qd3 0-1

[Event "GER-chT Federal Cup (Women)"]
[Site "Braunfels"]
[Date "2017.06.18"]
[Round "5.4"]
[White "Frank, Michelle Viviane"]
[Black "Spiel, Marianne"]
[Result "1-0"]
[WhiteElo "1949"]
[BlackElo "1953"]
[PlyCount "59"]
[EventDate "2017.06.15"]
[EventType "team-swiss"]
[EventRounds "5"]
[EventCountry "GER"]
[SourceTitle "CBM 179 Extra"]
[Source "ChessBase"]
[SourceDate "2017.08.23"]
[SourceVersion "1"]
[SourceVersionDate "2017.08.23"]
[SourceQuality "1"]
[WhiteTeam "Hessen (W)"]
[BlackTeam "Bayern (W)"]
[WhiteTeamCountry "GER"]
[BlackTeamCountry "GER"]

1. e4 e6 2. d4 d5 3. Nc3 Nf6 4. e5 Nfd7 5. Nf3 c5 6. dxc5 Bxc5 7. Bd3 Nc6 8. Bf4 a6 9. Qe2 Be7 10. h4 Nc5 11. 0-0-0 Nxd3+ 12. Qxd3 Bd7 13. Ng5 Qc7 14. Qg3 Rc8 15. Nxd5 Qa5 16. Nc3 Nb4 17. a3 Rxc3 18. bxc3 Na2+ 19. Kd2 Bxa3 20. Ne4 Bc6 21. Nd6+ Kf8 22. Ra1 Bb2 23. Rxa2 Qxa2 24. Qd3 Qa4 25. Be3 Ba3 26. Ra1 b5 27. g3 b4 28. Bc5 bxc3+ 29. Qxc3 Bb4 30. Bxb4 1-0

[Event "BL 1617 (Women)"]
[Site "Germany"]
[Date "2017.05.01"]
[Round "11.5"]
[White "Spiel, Marianne"]
[Black "Rapport, Jovana"]
[Result "0-1"]
[WhiteElo "1939"]
[BlackElo "2334"]
[PlyCount "60"]
[EventDate "2016.10.22"]
[EventType "team-tourn"]
[EventRounds "11"]
[EventCountry "GER"]
[SourceTitle "EXT 2018"]
[Source "ChessBase"]
[SourceDate "2017.10.13"]
[SourceVersion "1"]
[SourceVersionDate "2017.10.13"]
[SourceQuality "1"]
[WhiteTeam "Bayern Muenchen (W)"]
[BlackTeam "Schwaebisch Hall (W)"]
[WhiteTeamCountry "GER"]
[BlackTeamCountry "GER"]

1. e4 g6 2. d4 Nf6 3. Nc3 d5 4. exd5 Nxd5 5. Nf3 Nxc3 6. bxc3 Bg7 7. Be2 c5 8. 0-0 0-0 9. Be3 Nd7 10. Qd2 Nf6 11. Rfd1 Ne4 12. Qd3 Bf5 13. Qc4 b5 14. Qb3 c4 15. Qb2 Qa5 16. Bd2 Qa4 17. Be1 Rfd8 18. Nh4 Be6 19. g3 Bd5 20. Ng2 Ng5 21. Nh4 Be4 22. Rac1 Qa6 23. Bd2 Qf6 24. f4 Nh3+ 25. Kf1 g5 26. Ng2 Qc6 27. Ne1 gxf4 28. Bg4 fxg3 29. hxg3 Qf6+ 30. Ke2 Qf2# 0-1

[Event "BL 1617 (Women)"]
[Site "Germany"]
[Date "2017.01.21"]
[Round "3.5"]
[White "Zschischang, Marine"]
[Black "Spiel, Marianne"]
[Result "1-0"]
[WhiteElo "2054"]
[BlackElo "1939"]
[PlyCount "91"]
[EventDate "2016.10.22"]
[EventType "team-tourn"]
[EventRounds "11"]
[EventCountry "GER"]
[SourceTitle "EXT 2018"]
[Source "ChessBase"]
[SourceDate "2017.10.13"]
[SourceVersion "1"]
[SourceVersionDate "2017.10.13"]
[SourceQuality "1"]
[WhiteTeam "Lehrte (W)"]
[BlackTeam "Bayern Muenchen (W)"]
[WhiteTeamCountry "GER"]
[BlackTeamCountry "GER"]

1. e4 e6 2. c4 d5 3. exd5 exd5 4. cxd5 Nf6 5. Nc3 Nxd5 6. Bc4 Nb6 7. Bb3 Nc6 8. Nf3 Bg4 9. 0-0 Be7 10. d4 0-0 11. Be3 Bf6 12. Bc2 g6 13. h3 Bxf3 14. Qxf3 Nb4 15. Bb3 c6 16. Rad1 N4d5 17. Ne4 Bg7 18. Bg5 f6 19. Bc1 Kh8 20. Nc5 Qc8 21. Rfe1 a5 22. a4 Nc7 23. Bf4 Nbd5 24. Bxc7 Nxc7 25. Re7 Re8 26. Rf7 f5 27. Qf4 Nd5 28. Bxd5 cxd5 29. Rxb7 Re2 30. Qd6 Qe8 31. Qc7 Qg8 32. g3 Bf6 33. Nd7 Bd8 34. Qc5 Be7 35. Qb5 Re6 36. Ne5 Bf6 37. Nf7+ Kg7 38. Ne5+ Kh8 39. Qxd5 Bxe5 40. dxe5 Qe8 41. Qd7 Qg8 42. f4 g5 43. fxg5 Rxe5 44. Qd4 Rae8 45. h4 h6 46. Re1 1-0

[Event "BL 1617 (Women)"]
[Site "Germany"]
[Date "2016.10.22"]
[Round "1.4"]
[White "Spiel, Marianne"]
[Black "Brendel, Bergit"]
[Result "0-1"]
[WhiteElo "1939"]
[BlackElo "2086"]
[PlyCount "114"]
[EventDate "2016.10.22"]
[EventType "team-tourn"]
[EventRounds "11"]
[EventCountry "GER"]
[SourceTitle "EXT 2018"]
[Source "ChessBase"]
[SourceDate "2017.10.13"]
[SourceVersion "1"]
[SourceVersionDate "2017.10.13"]
[SourceQuality "1"]
[WhiteTeam "Bayern Muenchen (W)"]
[BlackTeam "Karlsruhe (W)"]
[WhiteTeamCountry "GER"]
[BlackTeamCountry "GER"]

1. e4 Nf6 2. e5 Nd5 3. d4 d6 4. Nf3 dxe5 5. Nxe5 c6 6. c4 Nf6 7. Be2 Nbd7 8. Nxd7 Bxd7 9. Nc3 e6 10. Be3 Bd6 11. h3 Qc7 12. 0-0 0-0 13. Rc1 Rfe8 14. Bd3 Bf4 15. Qf3 Bxe3 16. fxe3 Rf8 17. Ne4 Nxe4 18. Qxe4 f5 19. Qh4 c5 20. d5 Rae8 21. e4 Qe5 22. Rc3 Qd4+ 23. Kh1 exd5 24. cxd5 b5 25. Bc2 fxe4 26. Rxf8+ Rxf8 27. Qxe4 Bf5 28. Qxd4 cxd4 29. Rc7 Bxc2 30. Rxc2 Rd8 31. Kg1 Rxd5 32. Kf1 Rd7 33. Ke1 Kf7 34. Kd2 Ke6 35. Rc5 a6 36. Rc6+ Rd6 37. Rc7 Kf6 38. Kd3 h6 39. a4 bxa4 40. Rc4 Rb6 41. Rxa4 Rxb2 42. Rxa6+ Kg5 43. Kxd4 Rxg2 44. Ra3 Kh4 45. Ke4 Rg3 46. Ra7 Kxh3 47. Kf4 g5+ 48. Kf5 h5 49. Ra2 h4 50. Rb2 g4 51. Kg5 Ra3 52. Rb4 Ra5+ 53. Kf4 g3 54. Rb3 Kh2 55. Kf3 g2 56. Rb2 Ra3+ 57. Kg4 h3 0-1

[Event "GER-chT Federal Cup (Women)"]
[Site "Braunfels"]
[Date "2016.05.28"]
[Round "4.7"]
[White "Gheng, Hannelore"]
[Black "Spiel, Marianne"]
[Result "1-0"]
[WhiteElo "1615"]
[BlackElo "1871"]
[PlyCount "49"]
[EventDate "2016.05.26"]
[EventType "team-swiss"]
[EventRounds "5"]
[EventCountry "GER"]
[SourceTitle "EXT 2019"]
[Source "ChessBase"]
[SourceDate "2018.10.10"]
[SourceVersion "1"]
[SourceVersionDate "2018.10.10"]
[SourceQuality "1"]
[WhiteTeam "Wuerttemberg (W)"]
[BlackTeam "Bayern (W)"]
[WhiteTeamCountry "GER"]
[BlackTeamCountry "GER"]

1. e4 e6 2. d4 d5 3. Nd2 Nf6 4. Bd3 c5 5. c3 Nc6 6. Ngf3 cxd4 7. cxd4 Bb4 8. e5 Nd7 9. 0-0 0-0 10. Nb3 f6 11. Qc2 f5 12. Ng5 Nb6 13. Qe2 Qe8 14. Kh1 h6 15. Nh3 a5 16. g4 a4 17. gxf5 axb3 18. f6 g5 19. Bxg5 hxg5 20. Nxg5 Rxf6 21. exf6 Nxd4 22. Qg4 e5 23. f7+ Qxf7 24. Ne6+ Kh8 25. Qh4+ 1-0